000 01200nam a2200217Ia 4500
003 Ost
005 20260507075448.0
008 260507s9999||||xx |||||||||||||| ||und||
040 _cfsecg
041 _aara
082 _a332.6
100 _aقاسم، خالد مصطفى
_eمؤلف
245 0 _aالطاقة الاستيعابية للاستثمار بين التقويم و استراتيجيات التصنيع /
_c خالد مصطفى قاسم
260 _aالاسكندرية:
_bالدار الجامعية للنشر,
_c2006
300 _a274 صفحة؛
520 _aيحتوي الكتاب على : الطاقة الإستعابية للإستثمار في قطاعا الصناعة التحويلية ،إستراتيجيات التصنيع المتبعة في قطاعات الصناعة التحويلية ، قياس الطاقة الإستعابية للإستثمار في قطاعات الصناعة التحويلية ، معوقات الطاقة الإستعبية للإستثمار في قطاعات الصناعة التحويلية.
653 _aالاستثمار
653 _aالصناعات التحويلية
653 _aالصناعة
942 _cكتاب
999 _c44606
_d44606